Retail management <a> strategic approach

Na minha lista:
Detalhes bibliográficos
Autor principal: Berman, Barry
Outros Autores: Evans, Joel R.
Formato: Livro
Idioma:inglês
Publicado em: New York Macmillan Publ. Co. 1989
Edição:4. ed.
Assuntos:
Tags: Adicionar Tag
Sem tags, seja o primeiro a adicionar uma tag!

MARC

LEADER 00000nam a2200000 4500
001 c019690
005 20221206131607.4
020 |a 0-02-308641-6 
041 0 |a eng 
044 |a US 
245 1 0 |a Retail management  |b <a> strategic approach  |c Barry Berman, Joel R. Evans 
250 |a 4. ed. 
264 1 |a New York  |b Macmillan Publ. Co.  |c 1989 
300 |a 679 s. 
610 2 0 |a maloobchod 
610 2 0 |a riadenie obchodu 
610 2 0 |a riadenie strategické 
610 2 0 |a manažment 
610 2 0 |a podnikanie drobné 
610 2 0 |a podnikanie obchodné 
610 2 0 |a výskum trhu 
610 2 0 |a zdroje ľudské 
610 2 0 |a plánovanie podnikové 
610 2 0 |a plánovanie strategické 
610 2 0 |a štúdie prípadové 
100 1 |a Berman, Barry 
700 1 |a Evans, Joel R.